000
00257nam a22001097a 4500
008
170112b xxu||||| |||| 00| 0 eng d
020
_a
0865360200
041
_a
eng
080
_a
618.2
245
_a
CANOEING AND KAYAKING
_c
AMERICAN RED CROSS
942
_2
udc
_c
BK
999
_c
2780
_d
2780